History Quiz

Random History or Art Quiz

Hand-Drawn History IX Quiz Stats

 Plays Quiz Updated Aug 18, 2018

Score 0/30 Timer 08:00
3 Plays Today
% Correct
Leonardo Da Vinci paints the 'Mona Lisa'
99.3%
The first tanks are deployed in battle
95.9%
Golf is invented
94.9%
The first Tour De France takes place
94.3%
Marie Curie wins her second Nobel Prize
93.4%
Mahatma Gandhi leads the Salt March
93%
Andy Warhol paints 'Campbell's Soup Cans'
90.7%
The Berlin Conference formalizes the 'Scramble for Africa'
90.5%
The Boshin War rages in Japan
90.5%
The oldest surviving photograph is taken
90.2%
Salvador Dalí paints 'The Persistence of Memory'
89.6%
Construction begins on the London Underground
86.7%
México-Tenochtitlán, future capital of the Aztec Empire is founded
86%
The first gladiatorial games take place in Rome
85.4%
Disneyland opens
84.4%
% Correct
The USSR invades Afghanistan
77%
The Pony Express begins operation
76.9%
Space Invaders is released
72.6%
The Boston Massacre takes place
70.2%
Sir Arthur Conan Doyle writes 'The Hound of the Baskervilles'
69%
The 'Trail of Tears' takes place
68.3%
St Basil's Cathedral is consecrated
54%
The Kama Sutra is compiled into its present form
53.3%
The Pharos of Alexandria is built
49.9%
Antonio Stradivari begins his apprenticeship
39.7%
Heinrich Schliemann begins the excavation of Troy
28%
Māori chief Hōne Heke sparks the 'Flagstaff War'
22.8%
Harald Bluetooth converts to Christianity
21.7%
Brian Boru defeats the Vikings at the Battle of Clontarf
13.3%
Tupac Amaru II leads a rebellion against the Spanish in Peru
11.3%

You're not logged in!

Compare scores with friends on all Sporcle quizzes.
OR
Log In

Sporcle TV

Today on Sporcle TV


Watch our educational content, quiz creation guides, and fun videos on Sporcle TV.

Show Comments

Extras

Top Quizzes Today


Score Distribution

Your Account Isn't Verified!

In order to create a playlist on Sporcle, you need to verify the email address you used during registration. Go to your Sporcle Settings to finish the process.

Report this User

Report this user for behavior that violates our Community Guidelines.

Details: